000 00354nam a2200169Ia 4500
100 _aDhamdhere/D.M
650 _aOperating systems
250 _a2
942 _cBK
366 _f25
245 _aOperating Sytems
260 _bTata Mc Graw hill Ltd.
_c2006
082 _a5.43
_bDHA
300 _a789
546 _aENGLISH
_cPAMPHALETS
999 _c21684
_d21684